Statistics for Best-Selling Things Quiz

Click here to take the quiz!

General Stats

  • This quiz has been taken 85,631 times
    (11,812 since last reset)
  • The average score is 11 of 22

Answer Stats

Category Answer % Correct
Fast food restaurantMcDonald's
92%
SodaCoca-Cola
89%
Board game (branded)Monopoly
83%
Website (most-visits)Google
82%
Video game consolePS-2
70%
Movie (box office)Avengers: Endgame
68%
CigarettesMarlboro
68%
BeerBud Light
66%
BookThe Bible
62%
Airline (most passengers)American Airlines
56%
Detergent brandTide
46%
Movie (box office,
inflation adjusted)
Gone with the Wind
45%
Peanut butterJif
44%
AlbumThriller by
Michael Jackson
42%
Breakfast cerealHoney Nut Cheerios
38%
Girl Scout cookieThin Mints
34%
Truck modelFord F-150
34%
Car modelToyota Corolla
30%
NewspaperUSA Today
20%
Video gameMinecraft
19%
iPhone app (most downloads)Youtube
18%
iPhone game (most downloads)Fortnite
17%

Score Distribution

Percentile by Number Answered

Percent of People with Each Score

Your Score History

You have not taken this quiz since the last reset